| 000 | 00574nam a2200181Ia 4500 | ||
|---|---|---|---|
| 003 | GCL | ||
| 008 | 140319s9999 xx 000 0 ara d | ||
| 040 |
_aGCL / _cGCL |
||
| 082 | 0 | 4 |
_a910.133 _bغ ج |
| 100 | 1 | _aغور نونغ | |
| 245 | 1 | 0 |
_aجغرافية العالم الاقتصادية : _b(عرض موجز) / _cغور نونغ |
| 260 |
_aروسيا : _bدار التقدم |
||
| 300 |
_a323 ص ؛ _c17 سم |
||
| 650 | 0 | 4 | _aالاشتراكية |
| 650 | 0 | 4 | _aالجغرافيا الاقتصادية |
| 650 | 0 | 4 | _aالموارد الطبيعية |
| 942 |
_2ddc _cBK |
||
| 999 |
_c39975 _d39975 |
||